000 00864nam a2200217 i 4500
001 104491
003 ES-MaACL
005 20250816063135.0
007 t|
008 051130s1978 sp f |||| | spa d
100 1 _aMillán González-Pardo, Isidoro,
_cConde de Quirós,
_d1922-2002
_9170410
245 1 0 _aSobre las aras del Santuario de Donon (Hio: Pontevedra) supuestamente dedicadas a Liber /
_cpor Isidoro Millán González-Pardo.
260 _aVigo :
_bAyuntamiento,
_c1978.
300 _a38 p., 3 lám. ;
_c24 cm.
490 1 _aPublicaciones del Museo Municipal "Quiñones de León" ;
_v1
650 4 _aInscripciones latinas-
_zPontevedra.
_9170409
710 1 _aVigo.
_bAyuntamiento.
_9170411
830 0 _aPublicaciones del Museo Municipal "Quiñones de León" ;
_v1
_9232641
852 _aES-MaACL
_j2121-F-9
999 _c104491
_d104491